000 00591nam a2200193 4500
001 2824
005 20181127165849.0
020 0 0 _a97899368300
090 0 0 _a362.29 W2469c
100 0 0 _aWangchuk.
245 0 0 _aA cry of the heart :
_ba collection of heartfelt stories on addiction /
_cWangchuk.
_h
250 0 0 _a
260 0 0 _aThimphu :
_bYouth Development Fund,
_cn.d.
300 0 0 _a102 p.
650 _aDrug abuse -- Bhutan.
_v
_x
_y
_z
_2
650 _aSubstance abuse -- Bhutan.
_v
_x
_y
_z
_2
650 0 0 _aDrug addiction -- Bhutan -- Personal narratives.
_x
650 0 0 _aDrug addicts -- Bhutan.
_x
999 _c2262
_d2262